[Event "12th World Teams 2019"]
[Site "Astana KAZ"]
[Date "2019.03.05"]
[Round "1.5"]
[Board "4"]
[White "Kostenko, Petr"]
[Black "Jones, Gawain C B"]
[Result "0-1"]
[WhiteTitle "GM"]
[BlackTitle "GM"]
[WhiteElo "2466"]
[BlackElo "2681"]
[WhiteTeam "Kazakhstan"]
[BlackTeam "England"]
[WhiteFideId "13700669"]
[BlackFideId "409561"]
[EventDate "2019.03.05"]

1. e4 e5 2. Nf3 Nc6 3. Bc4 Bc5 4. O-O Nf6 5. d3 d6 6. a4 a6 7. c3 Ba7 8. Be3
Bxe3 9. fxe3 O-O 10. Nbd2 h6 11. d4 Bg4 12. Qc2 Bh5 13. Rae1 Nd7 14. b4 Qe7 15.
g3 a5 16. b5 Nd8 17. Nh4 Ne6 18. Bd5 Ra7 19. Nf5 Qd8 20. h3 Nf6 21. Bc4 c6 22.
Bd3 Bg6 23. Nc4 Bxf5 24. Rxf5 g6 25. Rff1 Qe7 26. Kg2 Nd7 27. Qa2 Raa8 28. Qa3
c5 29. d5 Ng7 30. b6 f5 31. Qc1 Nf6 32. Qc2 Rad8 33. Kh2 h5 34. Nxa5 Ra8 35. Nb3
h4 36. gxh4 c4 37. Bxc4 Nxe4 38. Rg1 Qxh4 39. Ref1 Ng5 40. Qg2 Qxc4 41. Qxg5
Qxb3 42. Qxg6 Rf7 43. Qxd6 Qxc3 44. Qe6 Qd2+ 45. Kh1 Qxe3 46. Rg6 Qxh3+ 47. Kg1
Qe3+ 48. Kh2 Qe2+ 49. Kg1 f4 50. Rf2 Qe1+ 51. Rf1 Qe3+ 52. Kh2 Qe2+ 53. Kg1 f3
54. a5 f2+ 55. Kg2 Qf3+ 56. Kh2 Qf4+ 57. Kg2 Rf8 58. d6 Qf3+ 59. Kh2 Qh5+ 60.
Kg2 Kh7 61. Qg4 Qxg6 62. Rh1+ Nh5 63. Rxh5+ Kg7 0-1

[Event "12th World Teams 2019"]
[Site "Astana KAZ"]
[Date "2019.03.06"]
[Round "2.1"]
[Board "4"]
[White "Ni, Hua"]
[Black "Lenderman, Aleksandr"]
[Result "0-1"]
[WhiteTitle "GM"]
[BlackTitle "GM"]
[WhiteElo "2683"]
[BlackElo "2637"]
[WhiteTeam "China"]
[BlackTeam "United States of America"]
[WhiteFideId "8601160"]
[BlackFideId "2021285"]
[EventDate "2019.03.05"]

1. d4 Nf6 2. c4 e6 3. g3 d5 4. Nf3 Be7 5. Bg2 O-O 6. O-O dxc4 7. Qc2 a6 8. a4 c5
9. dxc5 Bxc5 10. Qxc4 b6 11. Ne5 Ra7 12. Nd3 Be7 13. Bf4 Bb7 14. Bxb7 Rxb7 15.
Nd2 b5 16. axb5 axb5 17. Qc2 Nd5 18. Rfc1 Nd7 19. Nb3 Nxf4 20. Nxf4 Bd6 21. Qe4
Rb6 22. Nd3 Nf6 23. Qd4 Nd5 24. Ra7 Be7 25. Nbc5 Rc6 26. Nd7 Rxc1+ 27. Nxc1 Qc8
28. Nd3 Rd8 29. N7e5 f6 30. Nf3 e5 31. Qh4 g5 32. Nxg5 fxg5 33. Qe4 Qe6 34. Qxe5
Qxe5 35. Nxe5 Re8 36. Rd7 Nf6 37. Rb7 b4 38. Nd3 Bf8 39. Kf1 Ne4 40. Rb5 h6 41.
h4 gxh4 42. gxh4 Nd2+ 43. Kg2 Rxe2 44. Nxb4 Re4 45. Nd5 Rxh4 46. f4 Rg4+ 47. Kh3
Rg1 48. Rb7 Ne4 49. b4 Bd6 50. b5 Rd1 51. Ne7+ Kf7 52. Nc6+ Ke6 53. Nd8+ Kf5 54.
Rf7+ Nf6 55. Kg2 Bxf4 56. Nc6 Rb1 57. Kf3 Rb3+ 58. Ke2 Kg6 59. Rb7 h5 60. Nd4
Re3+ 61. Kf1 h4 62. Ne2 Be5 0-1

[Event "12th World Teams 2019"]
[Site "Astana KAZ"]
[Date "2019.03.06"]
[Round "2.2"]
[Board "1"]
[White "Adhiban, Baskaran"]
[Black "Maghsoodloo, Parham"]
[Result "1-0"]
[WhiteTitle "GM"]
[BlackTitle "GM"]
[WhiteElo "2683"]
[BlackElo "2673"]
[WhiteTeam "India"]
[BlackTeam "Iran"]
[WhiteFideId "5018471"]
[BlackFideId "12539929"]
[EventDate "2019.03.05"]

1. e4 c5 2. c3 e6 3. Nf3 Nc6 4. d4 d5 5. exd5 exd5 6. Bb5 Bd6 7. dxc5 Bxc5 8.
O-O Ne7 9. Nbd2 O-O 10. Nb3 Bd6 11. Bg5 Qc7 12. Re1 h6 13. Bh4 Nf5 14. Bg3 Nxg3
15. hxg3 Ne7 16. Nfd4 g6 17. Qd2 Kg7 18. c4 dxc4 19. Rac1 c3 20. Rxc3 Qb6 21.
Rd3 a6 22. Nc2 Bb8 23. Rxe7 axb5 24. Ne3 Rxa2 25. Nd5 Qc6 26. Rc3 Qd6 27. Qd4+
Kg8 28. Nf6+ Kh8 29. Rxf7 Rxf7 30. Rxc8+ Rf8 31. Nd7+ 1-0

[Event "12th World Teams 2019"]
[Site "Astana KAZ"]
[Date "2019.03.06"]
[Round "2.2"]
[Board "2"]
[White "Idani, Pouya"]
[Black "Sasikiran, Krishnan"]
[Result "1-0"]
[WhiteTitle "GM"]
[BlackTitle "GM"]
[WhiteElo "2604"]
[BlackElo "2678"]
[WhiteTeam "Iran"]
[BlackTeam "India"]
[WhiteFideId "12510130"]
[BlackFideId "5004985"]
[EventDate "2019.03.05"]

1. e4 e5 2. Nf3 Nc6 3. d4 exd4 4. Nxd4 Nf6 5. Nxc6 bxc6 6. e5 Qe7 7. Qe2 Nd5 8.
h4 Qe6 9. g3 d6 10. c4 Nb6 11. Bg2 dxe5 12. Nd2 Be7 13. b3 O-O 14. Bb2 f6 15.
O-O-O a5 16. f4 a4 17. Bh3 Qf7 18. Bxc8 Raxc8 19. fxe5 fxe5 20. Rhf1 Qg6 21.
Qxe5 Bb4 22. h5 Qh6 23. Rxf8+ Rxf8 24. Qxc7 a3 25. Ba1 Nc8 26. g4 Nd6 27. Qxc6
Qe3 28. Qd5+ Nf7 29. Qd4 Qg5 30. Qe4 Rd8 31. Bd4 Nh6 32. Kc2 Nxg4 33. Qe6+ 1-0

[Event "12th World Teams 2019"]
[Site "Astana KAZ"]
[Date "2019.03.06"]
[Round "2.2"]
[Board "3"]
[White "Ganguly, Surya Shekhar"]
[Black "Tabatabaei, M.amin"]
[Result "1/2-1/2"]
[WhiteTitle "GM"]
[BlackTitle "GM"]
[WhiteElo "2633"]
[BlackElo "2600"]
[WhiteTeam "India"]
[BlackTeam "Iran"]
[WhiteFideId "5002150"]
[BlackFideId "12521213"]
[EventDate "2019.03.05"]

1. e4 c5 2. Nc3 Nc6 3. Nf3 d6 4. d4 cxd4 5. Nxd4 Nf6 6. Bg5 e6 7. Qd2 a6 8.
O-O-O Bd7 9. f3 Be7 10. Be3 Nxd4 11. Bxd4 Bc6 12. g4 O-O 13. g5 Nd7 14. h4 b5
15. Qg2 b4 16. Ne2 a5 17. Kb1 a4 18. g6 Bf6 19. h5 Qe7 20. h6 fxg6 21. hxg7 Qxg7
22. Nf4 Rae8 23. Bc4 d5 24. Nxe6 Rxe6 25. exd5 Ne5 26. Bxe5 Rxe5 27. dxc6+ Kh8
28. Rd7 Re7 29. Bd3 Rfe8 30. Rxe7 Qxe7 31. Be4 Kg8 32. Qg3 Qe5 33. Qxe5 Bxe5 34.
Bd5+ Kg7 35. Re1 Kf8 36. c3 Bd6 37. Rxe8+ Kxe8 38. cxb4 Bxb4 39. a3 Bd6 40. Be4
Kd8 41. Bc2 Kc7 42. Bxa4 h5 43. Bb3 Kxc6 44. Bf7 h4 45. Bxg6 h3 46. Be4+ Kb6 47.
f4 Bxf4 48. Kc2 h2 49. b4 Bd6 50. Kb3 Ka7 51. a4 Kb6 52. Kc4 Be7 53. a5+ Ka7 54.
Kb5 Bd6 55. Kc4 Be7 56. b5 Bd8 57. b6+ Bxb6 58. axb6+ Kxb6 1/2-1/2

[Event "12th World Teams 2019"]
[Site "Astana KAZ"]
[Date "2019.03.06"]
[Round "2.3"]
[Board "3"]
[White "Guseinov, Gadir"]
[Black "Howell, David W L"]
[Result "1/2-1/2"]
[WhiteTitle "GM"]
[BlackTitle "GM"]
[WhiteElo "2664"]
[BlackElo "2693"]
[WhiteTeam "Azerbaijan"]
[BlackTeam "England"]
[WhiteFideId "13401378"]
[BlackFideId "410608"]
[EventDate "2019.03.05"]

1. e4 e5 2. Nf3 Nc6 3. Bb5 Nf6 4. O-O Nxe4 5. d4 Nd6 6. Bxc6 dxc6 7. dxe5 Nf5 8.
Qxd8+ Kxd8 9. h3 Ne7 10. Rd1+ Ke8 11. Nc3 Ng6 12. b3 Be7 13. Ne4 f6 14. Bb2 Kf7
15. Re1 h5 16. Re3 h4 17. Rae1 Rh5 18. c4 b6 19. exf6 gxf6 20. Rd1 Be6 21. Rde1
Bd7 22. Rd1 Be6 23. Rde1 Bd7 24. Rd1 1/2-1/2

[Event "12th World Teams 2019"]
[Site "Astana KAZ"]
[Date "2019.03.06"]
[Round "2.3"]
[Board "4"]
[White "Jones, Gawain C B"]
[Black "Safarli, Eltaj"]
[Result "1-0"]
[WhiteTitle "GM"]
[BlackTitle "GM"]
[WhiteElo "2681"]
[BlackElo "2662"]
[WhiteTeam "England"]
[BlackTeam "Azerbaijan"]
[WhiteFideId "409561"]
[BlackFideId "13402129"]
[EventDate "2019.03.05"]

1. Nf3 Nf6 2. c4 e6 3. g3 d5 4. Bg2 Be7 5. O-O O-O 6. b3 c5 7. cxd5 Nxd5 8. Bb2
Nc6 9. d4 cxd4 10. Nxd4 Nxd4 11. Qxd4 Bf6 12. Qd2 Bxb2 13. Qxb2 Rb8 14. Rd1 Qf6
15. Qd4 Qxd4 16. Rxd4 Nf6 17. Na3 b6 18. Nb5 a5 19. Rad1 Ba6 20. a4 e5 21. Rd6
Bxb5 22. axb5 e4 23. Rc6 h5 24. e3 Rfd8 25. Rxd8+ Rxd8 26. Rxb6 Rd1+ 27. Bf1 Rb1
28. Ra6 Rxb3 29. Rxa5 Ng4 30. Ra4 Rb2 31. Rxe4 Nxf2 32. Re5 Ng4 33. Re8+ Kh7 34.
h3 Nf2 35. Re5 Nd1 36. Rxh5+ Kg6 37. Re5 Kf6 38. Re4 g5 39. h4 Nc3 40. Rc4 Nd1
41. Rc6+ Kg7 42. h5 f6 43. Bd3 g4 44. h6+ Kxh6 45. Rxf6+ Kg5 46. Rg6+ Kh5 47.
Re6 Nf2 48. Re5+ Kh6 49. Bf5 Nh3+ 50. Kf1 Kh5 51. Rc5 Ng5 52. Bc2 Kh6 53. Ke1
Nf3+ 54. Kd1 Kg7 55. Kc1 Rb4 56. Bd3 Kf6 57. Kc2 Ne5 58. Kc3 Ra4 59. Bc2 Ra3+
60. Kd4 Nf3+ 61. Kd5 Rxe3 62. b6 Re5+ 63. Kc4 Re2 64. Kb4 Nd4 65. b7 Nxc2+ 66.
Kc3 1-0

[Event "12th World Teams 2019"]
[Site "Astana KAZ"]
[Date "2019.03.06"]
[Round "2.5"]
[Board "1"]
[White "Grandelius, Nils"]
[Black "Jumabayev, Rinat"]
[Result "1/2-1/2"]
[WhiteTitle "GM"]
[BlackTitle "GM"]
[WhiteElo "2694"]
[BlackElo "2609"]
[WhiteTeam "Sweden"]
[BlackTeam "Kazakhstan"]
[WhiteFideId "1710400"]
[BlackFideId "13702661"]
[EventDate "2019.03.05"]

1. e4 e5 2. Nf3 Nc6 3. Bb5 g6 4. c3 a6 5. Ba4 Bg7 6. O-O d6 7. d4 exd4 8. Nxd4
Bd7 9. Nxc6 Bxc6 10. Bxc6+ bxc6 11. Re1 Ne7 12. Nd2 O-O 13. Nf3 c5 14. Bf4 Rb8
15. e5 d5 16. b3 Qd7 17. Qd2 Rfe8 18. Rad1 Rbd8 19. h3 Qc6 20. Bg5 Rd7 21. Qf4
Qe6 22. Bf6 h6 23. b4 g5 24. Qd2 Bxf6 25. exf6 Qxf6 26. bxc5 Rdd8 27. Ne5 Nc6
28. Ng4 Rxe1+ 29. Rxe1 Qg6 30. f4 d4 31. f5 Qg7 32. cxd4 Qxd4+ 33. Qxd4 Nxd4 34.
f6 Kh7 35. Re7 Kg6 36. Rxc7 Ne6 37. Rc6 Rd1+ 38. Kh2 Rd5 39. Rxa6 1/2-1/2

[Event "12th World Teams 2019"]
[Site "Astana KAZ"]
[Date "2019.03.06"]
[Round "2.5"]
[Board "2"]
[White "Ismagambetov, Anuar"]
[Black "Tikkanen, Hans"]
[Result "1-0"]
[WhiteTitle "GM"]
[BlackTitle "GM"]
[WhiteElo "2545"]
[BlackElo "2510"]
[WhiteTeam "Kazakhstan"]
[BlackTeam "Sweden"]
[WhiteFideId "13701525"]
[BlackFideId "1706446"]
[EventDate "2019.03.05"]

1. e4 c6 2. Nc3 d5 3. Nf3 Bg4 4. h3 Bxf3 5. Qxf3 e6 6. d4 dxe4 7. Nxe4 Qxd4 8.
Bg5 f5 9. Nd2 Nf6 10. O-O-O Nbd7 11. Bc4 Nd5 12. Rhe1 Kf7 13. Re4 Qc5 14. Rde1
h6 15. Bh4 N7b6 16. Bb3 Qd6 17. g4 g6 18. Rxe6 Qxe6 19. Rxe6 Kxe6 20. gxf5+ gxf5
21. c4 Ne7 22. Bc2 Rg8 23. Bxf5+ Nxf5 24. Qe4+ Kd6 25. Qxf5 Nd7 26. Qf4+ Ke6 27.
Nf3 Bc5 28. Qxh6+ Kf7 29. Qh7+ Ke6 30. Qe4+ Kd6 31. Qf4+ Ke6 32. b4 Bxb4 33.
Nd4# 1-0

[Event "12th World Teams 2019"]
[Site "Astana KAZ"]
[Date "2019.03.06"]
[Round "2.5"]
[Board "3"]
[White "Blomqvist, Erik"]
[Black "Kazhgaleyev, Murtas"]
[Result "0-1"]
[WhiteTitle "GM"]
[BlackTitle "GM"]
[WhiteElo "2488"]
[BlackElo "2587"]
[WhiteTeam "Sweden"]
[BlackTeam "Kazakhstan"]
[WhiteFideId "1709437"]
[BlackFideId "13700316"]
[EventDate "2019.03.05"]

1. e4 e6 2. d4 d5 3. exd5 exd5 4. Nf3 Nf6 5. Bd3 c5 6. dxc5 Bxc5 7. O-O O-O 8.
Bg5 h6 9. Bh4 g5 10. Nxg5 hxg5 11. Bxg5 Qd6 12. Qf3 Ne4 13. Bxe4 dxe4 14. Qxe4
Qg6 15. Qh4 Nd7 16. Nc3 f6 17. Bf4 b6 18. Rad1 Bb7 19. Bg3 Rf7 20. b4 Bf8 21.
Rd4 Rh7 22. Qf4 Qg5 23. Qxg5+ fxg5 24. Rfd1 Re8 25. h3 Nf6 26. a4 Nh5 27. Bh2
Rg7 28. Kf1 Rc8 29. Nd5 Bxd5 30. Rxd5 Rxc2 31. h4 Bxb4 32. hxg5 Bc5 33. Rf5 Rf7
34. Rd8+ Kg7 35. Be5+ Kg6 36. Rxf7 Kxf7 37. g4 Nf4 38. Ke1 Re2+ 0-1

[Event "12th World Teams 2019"]
[Site "Astana KAZ"]
[Date "2019.03.06"]
[Round "2.5"]
[Board "4"]
[White "Makhnev, Denis"]
[Black "Smith, Axel"]
[Result "1/2-1/2"]
[WhiteTitle "IM"]
[BlackTitle "GM"]
[WhiteElo "2476"]
[BlackElo "2487"]
[WhiteTeam "Kazakhstan"]
[BlackTeam "Sweden"]
[WhiteFideId "13707647"]
[BlackFideId "1707930"]
[EventDate "2019.03.05"]

1. d4 d5 2. c4 c6 3. Nf3 Nf6 4. Qc2 dxc4 5. Qxc4 Bg4 6. Nbd2 Nbd7 7. g3 e6 8.
Bg2 Be7 9. O-O O-O 10. Qb3 Nb6 11. e3 a5 12. a4 Nfd7 13. Ne4 Bb4 14. Bd2 Bxf3
15. Bxf3 Bxd2 16. Nxd2 e5 17. Ne4 exd4 18. exd4 Rb8 19. Rfd1 Nd5 20. Nc3 N7f6
21. Nxd5 Nxd5 22. Bxd5 Qxd5 23. Qxd5 cxd5 24. Rac1 b5 25. Rc5 bxa4 26. Rxd5 Rxb2
27. Rxa5 Rb4 28. d5 Rd8 29. Ra7 g6 30. Rd3 Rb5 31. d6 Rb6 32. Rf3 Rf8 33. d7 Rd8
34. Re3 Re6 35. Rxe6 fxe6 36. Rxa4 Rxd7 1/2-1/2

[Event "12th World Teams 2019"]
[Site "Astana KAZ"]
[Date "2019.03.07"]
[Round "3.2"]
[Board "2"]
[White "Sevian, Samuel"]
[Black "McShane, Luke J"]
[Result "1/2-1/2"]
[WhiteTitle "GM"]
[BlackTitle "GM"]
[WhiteElo "2642"]
[BlackElo "2661"]
[WhiteTeam "United States of America"]
[BlackTeam "England"]
[WhiteFideId "2040506"]
[BlackFideId "404853"]
[EventDate "2019.03.05"]

1. d4 Nf6 2. c4 c5 3. d5 e5 4. Nc3 d6 5. e4 Be7 6. g3 O-O 7. Bg2 Na6 8. Nge2 Nc7
9. f4 Nd7 10. f5 b5 11. cxb5 a6 12. bxa6 Bxa6 13. h4 Rb8 14. O-O Rb4 15. Rb1 Rd4
16. Qe1 Bd3 17. Ra1 Na6 18. a3 c4 19. Be3 Nac5 20. Bxd4 exd4 21. Nxd4 Bf6 22.
Nc6 Qb6 23. Rf2 Ne5 24. Nxe5 Bxe5 25. Qe3 Rb8 26. Bf1 Qd8 27. f6 Bxf6 28. Rd1
Rb3 29. Bxd3 Nxd3 30. Rxd3 cxd3 31. Qxd3 Bxc3 32. bxc3 Qc8 33. Qf3 f6 34. Qf5
Qxf5 35. exf5 Rxc3 36. Kg2 Rxa3 37. Rb2 Ra5 1/2-1/2

[Event "12th World Teams 2019"]
[Site "Astana KAZ"]
[Date "2019.03.07"]
[Round "3.2"]
[Board "3"]
[White "Howell, David W L"]
[Black "Onischuk, Alexander"]
[Result "1/2-1/2"]
[WhiteTitle "GM"]
[BlackTitle "GM"]
[WhiteElo "2693"]
[BlackElo "2647"]
[WhiteTeam "England"]
[BlackTeam "United States of America"]
[WhiteFideId "410608"]
[BlackFideId "14101025"]
[EventDate "2019.03.05"]

1. e4 e5 2. Nf3 Nc6 3. Bb5 a6 4. Ba4 Nf6 5. O-O Be7 6. Re1 b5 7. Bb3 O-O 8. a4
b4 9. d4 d6 10. dxe5 Nxe5 11. Nbd2 Bb7 12. Nxe5 dxe5 13. Qf3 Kh8 14. Nc4 Bxe4
15. Qh3 Qc8 16. Qxc8 Raxc8 17. Bg5 Bd5 18. Rxe5 Be6 19. Na5 Bd6 20. Bxe6 Rce8
21. Re2 Rxe6 22. Rxe6 fxe6 23. Bxf6 gxf6 24. Rd1 Kg7 25. Nb7 Rc8 26. Kf1 f5 27.
Ke2 Kf6 28. Rd4 Be7 29. f4 h5 30. Na5 c5 31. Rc4 Rg8 32. Kf3 Rd8 33. Nc6 Rd2 34.
Nxe7 Kxe7 35. Rxc5 b3 36. cxb3 Rd3+ 37. Kf2 Rxb3 38. Rc6 Rxb2+ 39. Kg3 h4+ 40.
Kxh4 Rxg2 41. h3 a5 42. Ra6 Rf2 43. Kg3 Ra2 44. Rxa5 Ra3+ 45. Kg2 Ra2+ 46. Kf3
Ra3+ 47. Kg2 Ra2+ 48. Kg3 1/2-1/2

[Event "12th World Teams 2019"]
[Site "Astana KAZ"]
[Date "2019.03.07"]
[Round "3.2"]
[Board "4"]
[White "Lenderman, Aleksandr"]
[Black "Jones, Gawain C B"]
[Result "1/2-1/2"]
[WhiteTitle "GM"]
[BlackTitle "GM"]
[WhiteElo "2637"]
[BlackElo "2681"]
[WhiteTeam "United States of America"]
[BlackTeam "England"]
[WhiteFideId "2021285"]
[BlackFideId "409561"]
[EventDate "2019.03.05"]

1. d4 Nf6 2. c4 g6 3. Nc3 d5 4. cxd5 Nxd5 5. e4 Nxc3 6. bxc3 Bg7 7. Qa4+ Nd7 8.
Nf3 O-O 9. Be2 c5 10. O-O Nb6 11. Qa3 cxd4 12. cxd4 Bg4 13. Bg5 Bxf3 14. Bxf3
Qxd4 15. Rad1 Qe5 16. Bxe7 Rfe8 17. Bd6 Qe6 18. e5 Bxe5 19. Bxe5 Qxe5 20. Bxb7
Rab8 21. Bf3 Qe7 22. Qb3 Rbc8 23. Rd3 h5 24. h3 Rc5 25. Bd5 Nxd5 26. Rxd5 Rxd5
27. Qxd5 Qb4 28. Qb3 Qd2 29. g3 Rd8 30. h4 a5 31. Qc4 Rb8 32. a3 Rd8 33. Qc5 Rd5
34. Qe7 Rf5 35. Qe4 Kg7 36. a4 Kh7 37. Kg2 Qb2 38. Kg1 Qb6 39. Kg2 Qc5 40. Kg1
Kg7 41. Qe2 Qd4 42. Rd1 Rxf2 43. Rxd4 Rxe2 44. Rd5 Ra2 45. Rxa5 Kf6 46. Kf1 Ke6
47. Kg1 Kf6 1/2-1/2

[Event "12th World Teams 2019"]
[Site "Astana KAZ"]
[Date "2019.03.07"]
[Round "3.3"]
[Board "2"]
[White "Sasikiran, Krishnan"]
[Black "Adly, Ahmed"]
[Result "1/2-1/2"]
[WhiteTitle "GM"]
[BlackTitle "GM"]
[WhiteElo "2678"]
[BlackElo "2611"]
[WhiteTeam "India"]
[BlackTeam "Egypt"]
[WhiteFideId "5004985"]
[BlackFideId "10601619"]
[EventDate "2019.03.05"]

1. e4 c5 2. Nf3 Nf6 3. e5 Nd5 4. Nc3 Nxc3 5. dxc3 Nc6 6. Bf4 Qc7 7. Bc4 e6 8.
Qe2 Na5 9. Nd2 Nxc4 10. Nxc4 b5 11. Ne3 Qc6 12. h4 Bb7 13. h5 h6 14. O-O-O a5
15. Rh4 a4 16. Bg3 b4 17. c4 Qc7 18. Rg4 Bc6 19. f4 O-O-O 20. f5 Qb7 21. Bh4 Re8
22. f6 gxf6 23. Bxf6 Be7 24. Bxe7 Rxe7 25. Qf2 Qc7 26. Qf6 Ree8 27. Rg7 a3 28.
b3 Rhg8 29. g4 Kb7 30. Rxf7 Rg5 31. Rd6 Kc8 32. Rh7 Rgg8 33. Rf7 Rh8 34. Qf4 Qd8
35. Rf6 Ref8 36. Rd1 Rxf6 37. exf6 Qc7 38. Rf1 Qxf4 39. Rxf4 Kd8 40. c3 bxc3 41.
Kc2 Ke8 42. Kxc3 Kf7 43. b4 Rb8 44. Nc2 e5 45. Rf1 d5 46. cxd5 Bxd5 47. bxc5 Rb5
48. Ne3 Bxa2 49. c6 Bb1 50. Rxb1 Rxb1 51. c7 a2 52. c8=Q a1=Q+ 53. Kd2 Qd4+ 54.
Ke2 Rb2+ 55. Nc2 e4 56. Qc7+ Kxf6 57. Qf4+ Ke7 58. Qc7+ Ke6 59. Qc8+ Qd7 60.
Qg8+ Kd6 61. Kd2 Rb6 62. Ke3 Kc5 63. Qf8+ Kc4 64. Kf4 Kd3 65. Qa3+ Kc4 66. Ne3+
Kb5 67. Qb3+ Ka6 68. Qc4+ Ka7 69. Nf5 Qd2+ 70. Ke5 e3 71. Nd4 Qg2 72. Qa4+ Ra6
73. Qd7+ Qb7 74. Qxb7+ Kxb7 75. Ke4 Kc7 76. Kxe3 Kd6 77. Nf3 Ke6 78. g5 hxg5 79.
Nxg5+ Kf5 80. Nf3 Ra3+ 81. Ke2 Kg4 82. Nd4 Kxh5 83. Nc2 Rh3 84. Nd4 Kg5 85. Kd2
Kf4 86. Ne2+ Ke4 87. Nc3+ Kd4 88. Ne2+ Kc4 89. Nf4 Rg3 90. Ke2 Kd4 91. Kf2 Ra3
92. Ne2+ Ke5 93. Ng3 Kf4 94. Ne2+ Kg4 95. Ng1 Rb3 96. Ne2 Rf3+ 97. Ke1 Rd3 98.
Kf2 Kf5 99. Ng3+ Kf4 100. Ne2+ Kg4 101. Ng1 1/2-1/2

[Event "12th World Teams 2019"]
[Site "Astana KAZ"]
[Date "2019.03.07"]
[Round "3.3"]
[Board "3"]
[White "Fawzy, Adham"]
[Black "Ganguly, Surya Shekhar"]
[Result "0-1"]
[WhiteTitle "IM"]
[BlackTitle "GM"]
[WhiteElo "2461"]
[BlackElo "2633"]
[WhiteTeam "Egypt"]
[BlackTeam "India"]
[WhiteFideId "10613129"]
[BlackFideId "5002150"]
[EventDate "2019.03.05"]

1. e4 c5 2. Nf3 e6 3. d4 cxd4 4. Nxd4 Nc6 5. Nc3 Qc7 6. Be3 a6 7. Qd2 Nf6 8.
O-O-O Be7 9. f3 b5 10. g4 Nxd4 11. Bxd4 Bb7 12. g5 Nh5 13. e5 Rc8 14. Kb1 Bxf3
15. Be2 Bxh1 16. Rxh1 Qc6 17. Rf1 b4 18. Bxh5 g6 19. Ne2 gxh5 20. Ng3 h4 21. Nh5
Qe4 22. Ng7+ Kf8 23. Nh5 Rg8 24. Nf6 Bxf6 25. exf6 Rg6 26. Bc5+ Kg8 27. Bxb4 h6
28. Bc3 d5 29. Re1 Qf5 30. gxh6 Kh7 31. Qd4 Rg2 32. Rc1 Rc4 33. Qa7 Qg6 34. h3
Rg3 35. Bd4 Rg2 36. Bc3 Rh2 37. a3 Rxh3 38. Be5 Rg4 39. Ka2 Rg2 40. c4 dxc4 41.
Rxc4 Rg1 42. Bc3 Rc1 43. Qd4 a5 44. a4 Qb1+ 45. Ka3 Qc2 46. Qe4+ Qxe4 47. Rxe4
Rhxc3+ 48. bxc3 h3 0-1

[Event "12th World Teams 2019"]
[Site "Astana KAZ"]
[Date "2019.03.07"]
[Round "3.3"]
[Board "4"]
[White "Aravindh, Chithambaram VR."]
[Black "Abdelnabbi, Imed"]
[Result "1-0"]
[WhiteTitle "GM"]
[BlackTitle "IM"]
[WhiteElo "2599"]
[BlackElo "2435"]
[WhiteTeam "India"]
[BlackTeam "Egypt"]
[WhiteFideId "5072786"]
[BlackFideId "10600035"]
[EventDate "2019.03.05"]

1. e4 e5 2. Nf3 Nc6 3. Bb5 a6 4. Ba4 Nf6 5. O-O Be7 6. Re1 b5 7. Bb3 O-O 8. c3
d6 9. h3 Bb7 10. d4 Re8 11. Nbd2 Bf8 12. a3 g6 13. Bc2 Bg7 14. Nf1 exd4 15. cxd4
Na5 16. Ng3 c5 17. d5 Nd7 18. Rb1 Nc4 19. b3 Nce5 20. Nh2 Nb6 21. a4 b4 22. Be3
a5 23. Ne2 Ba6 24. f4 Ned7 25. Bf2 Rc8 26. Nf3 Qc7 27. Ng3 c4 28. Nd4 Nc5 29.
Nc6 cxb3 30. Bxb3 Nd3 31. Re3 Nxf2 32. Kxf2 Nd7 33. Rc1 Qb6 34. Bc4 Bxc4 35.
Rxc4 Nc5 36. Kf3 b3 37. Rxc5 Qxc5 38. Rxb3 Qc4 39. Qd3 Qxa4 40. Ra3 Rxc6 41.
Rxa4 Rc3 42. Qxc3 Bxc3 43. Ne2 Rc8 44. Ra2 Bb4 45. e5 Kf8 46. Ke4 Ke8 47. Kd4
Kd7 48. g4 h6 49. h4 Bc5+ 50. Ke4 Bb4 51. h5 dxe5 52. hxg6 exf4 53. gxf7 Ke7 54.
Nxf4 Kxf7 55. Nd3 Rc4+ 56. Kf5 Ke7 57. Ne5 Rc1 58. Nd3 Rf1+ 59. Ke5 Bc3+ 60. Ke4
Rg1 61. Kf5 Kd6 62. Rc2 Bd4 63. Nf4 Bc5 64. Rh2 a4 65. Rxh6+ Kd7 66. Nd3 Bd6 67.
Rh7+ Kc8 68. Ke6 a3 69. Kxd6 a2 70. Rh8+ Kb7 71. Nc5+ Ka7 72. Rh7+ Ka8 73. Rh8+
Ka7 74. Rh7+ Ka8 75. Nb3 Rxg4 76. Rh2 Ra4 77. Na1 Kb7 78. Ke7 Re4+ 79. Kd7 Ra4
80. Rb2+ Ka6 81. d6 Ka5 82. Kc7 1-0

[Event "12th World Teams 2019"]
[Site "Astana KAZ"]
[Date "2019.03.07"]
[Round "3.4"]
[Board "3"]
[White "Kazhgaleyev, Murtas"]
[Black "Guseinov, Gadir"]
[Result "1/2-1/2"]
[WhiteTitle "GM"]
[BlackTitle "GM"]
[WhiteElo "2587"]
[BlackElo "2664"]
[WhiteTeam "Kazakhstan"]
[BlackTeam "Azerbaijan"]
[WhiteFideId "13700316"]
[BlackFideId "13401378"]
[EventDate "2019.03.05"]

1. d4 Nf6 2. c4 g6 3. Nc3 Bg7 4. e4 d6 5. Bd3 O-O 6. Nge2 Nc6 7. O-O Nd7 8. Be3
e5 9. d5 Ne7 10. Qd2 f5 11. exf5 gxf5 12. f4 e4 13. Bc2 Nf6 14. c5 Ng4 15. Bd4
Bxd4+ 16. Qxd4 dxc5 17. Qxc5 Qd6 18. b4 a5 19. Nb5 Qxc5+ 20. bxc5 Nxd5 21. Bb3
c6 22. Nc7 Rb8 23. Nc3 Kg7 24. N3xd5 cxd5 25. Nxd5 Be6 26. Rfd1 Rfd8 27. h3 Bxd5
28. Rxd5 Rxd5 29. Bxd5 Ne3 30. Bb3 Rd8 31. Kf2 Nc2 32. Bxc2 1/2-1/2

[Event "12th World Teams 2019"]
[Site "Astana KAZ"]
[Date "2019.03.07"]
[Round "3.4"]
[Board "4"]
[White "Abasov, Nijat"]
[Black "Kostenko, Petr"]
[Result "1-0"]
[WhiteTitle "GM"]
[BlackTitle "GM"]
[WhiteElo "2627"]
[BlackElo "2466"]
[WhiteTeam "Azerbaijan"]
[BlackTeam "Kazakhstan"]
[WhiteFideId "13402960"]
[BlackFideId "13700669"]
[EventDate "2019.03.05"]

1. d4 e6 2. c4 f5 3. g3 Nf6 4. Bg2 d5 5. Nh3 Bd6 6. O-O O-O 7. Bf4 Nc6 8. e3
dxc4 9. Nd2 Bxf4 10. gxf4 Na5 11. Qa4 c6 12. b4 c3 13. Nb1 Nc4 14. b5 Nb6 15.
Qb3 cxb5 16. Qxb5 Nfd5 17. Qb3 Bd7 18. Nxc3 Bc6 19. Rac1 Rf6 20. Ne2 h6 21. Ng3
Qe7 22. Kh1 Kh8 23. Ng1 Rg8 24. Nf3 g5 25. Ne5 Ba4 26. Qb2 Be8 27. Qd2 Rff8 28.
Rfe1 Rg7 29. Rc5 h5 30. fxg5 Qxg5 31. f4 Qe7 32. Bf3 Qh4 33. Qf2 Rfg8 34. Bxd5
Nxd5 35. Nf3 Qf6 36. Ng5 h4 37. N3e4 Qh6 38. Nd6 Qh5 39. Nxe8 Rxe8 40. Rec1 Nf6
41. Rc8 Rxc8 42. Rxc8+ Rg8 43. Qc2 Re8 44. h3 Nh7 45. Rxe8+ Qxe8 46. Nf3 Nf6 47.
Qc7 Qc6 48. Qxc6 bxc6 49. Kg2 Nd5 50. Kf2 Kg7 51. Nxh4 Nc3 52. a3 a5 53. Nf3 a4
54. Ne5 Nb5 55. Nc4 Kh6 56. Nb6 Nxa3 57. Nxa4 Nb5 58. Nc5 Nc7 59. Nd7 Kh5 60.
Ne5 Kh4 61. Kg2 Nd5 62. Nf3+ Kh5 63. Kf2 Ne7 64. Ng5 Kh4 65. Kf3 Nd5 66. Nxe6
Kxh3 67. Ng7 Ne7 68. e4 fxe4+ 69. Kxe4 Kg4 70. f5 Ng8 71. Ke5 Nh6 72. f6 Kg5 73.
Ke6 Kg6 74. Ne8 Nf5 75. Nd6 Nxd4+ 76. Ke7 c5 77. f7 Nc6+ 78. Ke8 1-0